Statistics for Top 10 Oldest Living NBA All-Stars

Click here to take the quiz!

General Stats

  • This quiz has been taken 21 times
  • The average score is 3 of 10

Answer Stats

AgePlayer% Correct
93Bob Cousy
95%
88Bill Russell
84%
89Bob Pettit
63%
94Bob Harrison
5%
90Cliff Hagan
5%
85Dick Barnett
0%
86Don Ohl
0%
89Frank Selvy
0%
88Johnny Green
0%
90Richie Guerin
0%

Score Distribution

Percentile by Number Answered

Percent of People with Each Score

Your Score History

You have not taken this quiz